Detalles MARC
| 000 -LIDER |
| fixed length control field |
02793nam a2200253 a 4500 |
| 001 - NÚMERO DE CONTROL |
| Identificador de número de control |
|
| 003 - IDENTIFICACDOR DE NÚMERO DE CONTROL |
| control field |
DO-SdBNP |
| 005 - DATE AND TIME OF LATEST TRANSACTION |
| control field |
20220127124025.0 |
| 008 - ELEMENTOS DE LONGITUD FIJA |
| fixed length control field |
190130s2016 dr ab 000 0 spa d |
| 020 ## - ISBN |
| International Standard Book Number |
9789945597110 |
| 040 ## - FUENTE DE CATALOGACIÓN |
| Agencia que crea de manera original el registro |
DO-SdBNP |
| Idioma de catalogación |
spa |
| Agencia que realiza la transcripción |
BPMSU |
| 082 ## - NÚMERO DE CLASIFICACIÓN DECIMAL DE DEWEY |
| Classification number |
333.91 |
| Item number |
R466c 2016 |
| Edition number |
22 |
| 100 1# - ASIENTO PRINCIPAL -- NOMBRE PERSONAL |
| Nombre personal |
Reynoso Sánchez, Gilberto |
| 245 10 - MENCIÓN DE TITULO |
| Título |
Contraste de la disponibilidad y demanda de agua por provincia : |
| Subtítulo |
situación actual y retos futuros / |
| Mención de responsabilidad |
Gilberto Reynoso Sánchez. |
| 260 ## - PUBLICACIÓN, DISTRIBUCIÓN, ETC. (PIE DE IMPRENTA) |
| Lugar de publicación, distribución, etc |
Santo Domingo : |
| Nombre del editor, distribuidor, etc. |
Banreservas, |
| Fecha de publicación, distribución, etc |
2016. |
| 300 ## - DESCRIPCIÓN FÍSICA |
| Extensión |
108 p. : |
| Otros detalles físicos |
il., mapas ; |
| Dimensiones |
28 cm. |
| 504 ## - NOTA DE BIBLIOGRAFÍA, ETC. |
| Bibliography, etc |
Bibliografía : p. 107-108 |
| 505 0# - NOTA DE CONTENIDO |
| Texto normalizado de contenido |
Prefacio -- |
| Título |
Resumen ejecutivo -- |
| -- |
Introducción -- |
| -- |
El agua y la vida -- |
| -- |
Simbolismo del agua -- |
| -- |
Marco físico para el aprovechamiento de los recursos hídricos de la República Dominicana -- |
| -- |
Climatología -- |
| -- |
Temperatura -- |
| -- |
Evaporación -- |
| -- |
Radiación solar -- |
| -- |
Precipitación -- |
| -- |
Geología -- |
| -- |
Edafología -- |
| -- |
Hidrografía -- |
| -- |
Población y turismo -- |
| -- |
Riego e hidroelectricidad, e industria -- |
| -- |
El ciclo hidrológico -- |
| -- |
Recursos hídricos nacionales -- |
| -- |
Escorrentía superficial -- |
| -- |
Escorrentía subterránea -- |
| -- |
Disponibiblidad general de recursos hídricos -- |
| -- |
Calidad del agua -- |
| -- |
Usos del agua -- |
| -- |
Agua y agricultura -- |
| -- |
Agua para abastecimiento humano -- |
| -- |
Demanda ambiental -- |
| -- |
Resumen general de la demanda de agua a nivel nacional -- |
| -- |
Contraste de la disponibilidad y demanda de agua por provinncia -- |
| -- |
La importancia del balance de agua a nivel providencial -- |
| -- |
Disponibilidad de agua a nivel de provincia -- |
| -- |
Demanda de agua -- |
| -- |
Contraste entre disponibilidad y demanda de agua por provinncia -- |
| -- |
Provincias de la Región Yaque del Sur -- |
| -- |
Provincias de la Región Ozama Nizao -- |
| -- |
Provincias de la Región Este -- |
| -- |
Provincias de la Región Atlántica -- |
| -- |
Provincias de la Región Yuna - Camú -- |
| -- |
Provincias de la Región Yaque del Norte -- |
| -- |
Mapas índice de escacasez hídricas -- |
| -- |
Mapas índice de tensión hídrica -- |
| -- |
Análisis de problemas que afectan los recursos hídricos nacionales -- |
| -- |
El problema global del agua en el país -- |
| -- |
La contaminación de las fuentes de aguas -- |
| -- |
Eficiencia del uso del agua -- |
| -- |
Gestión integrada del recursos hídricos -- |
| -- |
Uso de las tierra: deforestación y degradación del suelo -- |
| -- |
Impactos significativos relacionados con los recursos hídricos -- |
| -- |
Sequías e inundaciones -- |
| -- |
Efectos del cambio clímatico -- |
| -- |
Características generales de los recursos hídricos en las provincias |
| -- |
Condiciones generales de los recursos hídricos -- |
| -- |
Conclusiones y recomendaciones -- |
| -- |
Anexo. |
| 590 ## - NOTA LOCAL |
| Texto de la nota local |
Inventariado, 2022/VM |
| 650 #4 - ENCABEZAMIENTO DE MATERIA--TEMÁTICO |
| Término temático o nombre geográfico como elemento de entrada |
Recursos hídricos |
| Subdivisión temática general |
Aspectos económicos |
| Subdivisión geográfica |
República Dominicana |
| 650 #4 - ENCABEZAMIENTO DE MATERIA--TEMÁTICO |
| Subdivisión geográfica |
República Dominicana |
| Término temático o nombre geográfico como elemento de entrada |
Derecho de aguas |
| 910 ## - VALIDACIÓN |
| Validación |
VMateo V. |
| 942 ## - ADDED ENTRY ELEMENTS (KOHA) |
| Source of classification or shelving scheme |
Dewey Decimal Classification |
| Koha item type |
Libros |